000
00360nam a22001577a 4500
003
MPLRDC
005
20220104123806.0
008
210129b ||||| |||| 00| 0 eng d
082
_a
293.4 LQ
100
_a
不详
245
_a
嫁娶择日
_c
260
_a
_b
大台北出版社
_c
1986
300
_b
平
650
_a
命相--择日
942
_c
BK
_o
293.4 LQ
999
_c
14223
_d
14213